[Event "V MTSz Klubu Polonia Wroclaw"]
[Site "Wroclaw"]
[Date "2010.06.26"]
[Round "1"]
[White "Szczepkowska-Horowska, Karina"]
[Black "Wojtaszek, Radoslaw"]
[Result "0-1"]
[WhiteElo "2297"]
[BlackElo "2663"]
[PlyCount "80"]
[EventDate "2010.??.??"]

1. e4 c5 2. Nf3 d6 3. d4 cxd4 4. Nxd4 Nf6 5. f3 e5 6. Nb3 Be7 7. c4 a5 8. Be3
O-O 9. Be2 a4 10. N3d2 Qa5 11. O-O Bd8 12. c5 d5 13. exd5 Nxd5 14. Bf2 Nf4 15.
Nc3 Be6 16. Bc4 Nc6 17. a3 Nd4 18. Nce4 Be7 19. Bxe6 Nfxe6 20. Nc4 Qc7 21. Nb6
Rad8 22. Nxa4 f5 23. Nd6 Bxd6 24. cxd6 Rxd6 25. Nc3 Qf7 26. Bg3 f4 27. Bf2 Ng5
28. Bxd4 exd4 29. Ne4 Nxe4 30. fxe4 d3 31. Qd2 Qf6 32. Rae1 Qd4+ 33. Kh1 g5 34.
Rf3 Re8 35. Qa5 d2 36. Rd1 h6 37. Rff1 Qxe4 38. Qc7 Qd5 39. h3 Rd7 40. Qc2 Re2
0-1

[Event "V MTSz Klubu Polonia Wroclaw"]
[Site "Wroclaw"]
[Date "2010.06.26"]
[Round "1"]
[White "Baklan, Vladimir"]
[Black "Orzechowski, Jacek"]
[Result "1-0"]
[WhiteElo "2633"]
[BlackElo "2283"]
[PlyCount "111"]
[EventDate "2010.??.??"]

1. e4 e6 2. d4 d5 3. Nc3 Bb4 4. e5 c5 5. a3 Bxc3+ 6. bxc3 Ne7 7. Qg4 O-O 8. Bd3
f5 9. exf6 Rxf6 10. Qh5 Rf7 11. Bg5 g6 12. Qd1 e5 13. dxe5 Nbc6 14. Bf6 Qc7 15.
f4 c4 16. Be2 Qb6 17. Rb1 Qc5 18. a4 a6 19. Bf3 d4 20. Bxe7 Rxe7 21. Ne2 Rd7
22. Qd2 d3 23. cxd3 Rxd3 24. Qb2 Qe3 25. Qb6 Rxc3 26. Bd5+ Kg7 27. Qxe3 Rxe3
28. Kf2 Ra3 29. Bxc4 Rxa4 30. Rhc1 Rb4 31. Bd5 Rxb1 32. Rxb1 a5 33. Rb6 Nb4 34.
Bc4 Nc6 35. Ke3 a4 36. Nc3 Ra5 37. Ne4 a3 38. Nd6 Rc5 39. Ba2 Na5 40. Rb5 Rxb5
41. Nxb5 Bd7 42. Nxa3 Kf8 43. Nc2 Ke7 44. Nb4 Be6 45. Bb1 Nb3 46. h4 Nc5 47.
Bc2 Bf5 48. Bd1 h5 49. Bf3 Kd7 50. g3 Bb1 51. Nd5 Bf5 52. Kd4 Nb3+ 53. Kc3 Nc5
54. Kc4 Nd3 55. Nf6+ Kc7 56. Ne8+ 1-0

[Event "V MTSz Klubu Polonia Wroclaw"]
[Site "Wroclaw"]
[Date "2010.06.26"]
[Round "1"]
[White "Przezdziecka, Marta"]
[Black "Markowski, Tomasz"]
[Result "0-1"]
[WhiteElo "2278"]
[BlackElo "2628"]
[PlyCount "68"]
[EventDate "2010.??.??"]

1. d4 Nf6 2. Nf3 e6 3. c4 b6 4. a3 Bb7 5. Nc3 d5 6. Bg5 Be7 7. Qa4+ Qd7 8.
Qxd7+ Nbxd7 9. e3 c5 10. dxc5 bxc5 11. cxd5 Nxd5 12. Nxd5 Bxd5 13. Bxe7 Kxe7
14. Nd2 Rab8 15. O-O-O Ne5 16. h3 c4 17. e4 Bc6 18. Nf3 Nxf3 19. gxf3 Rhc8 20.
Rd4 Bb5 21. Rg1 g6 22. f4 Rd8 23. Rxd8 Rxd8 24. Be2 Rd4 25. f3 Ba4 26. Bd1 Bb3
27. Bxb3 cxb3 28. Rd1 Rc4+ 29. Kb1 a5 30. Re1 a4 31. Re2 f5 32. Re3 Kf6 33. Re2
fxe4 34. fxe4 e5 0-1

[Event "V MTSz Klubu Polonia Wroclaw"]
[Site "Wroclaw"]
[Date "2010.06.26"]
[Round "1"]
[White "Bebel, Arkadiusz"]
[Black "Balogh, Csaba"]
[Result "0-1"]
[WhiteElo "2247"]
[BlackElo "2621"]
[PlyCount "90"]
[EventDate "2010.??.??"]

1. e4 c5 2. c3 d5 3. exd5 Qxd5 4. d4 Nc6 5. Nf3 Bg4 6. Be2 cxd4 7. cxd4 e6 8.
Nc3 Qa5 9. d5 exd5 10. Nd4 Bxe2 11. Qxe2+ Be7 12. Nxc6 bxc6 13. O-O Kf8 14. Re1
Re8 15. Be3 Nf6 16. Bd4 Bc5 17. Bxc5+ Qxc5 18. Qa6 Rxe1+ 19. Rxe1 g6 20. Na4
Qb4 21. Rd1 Kg7 22. Qxc6 Re8 23. Kf1 Qf4 24. Kg1 Re2 25. Rf1 Ne4 26. Qxd5 Nxf2
27. Qf3 Qxf3 28. gxf3 Nd3 29. Rb1 h5 30. h4 Kf6 31. Rd1 Nxb2 32. Rd6+ Kf5 33.
Ra6 Kf4 34. Nc3 Rc2 35. Rf6+ Ke5 36. Ne4 Rc7 37. Ra6 Nd3 38. Kg2 f5 39. Ng5
Rc2+ 40. Kf1 Kf4 41. Ra3 Rf2+ 42. Kg1 Rd2 43. Ra4+ Kg3 44. Kf1 Rf2+ 45. Kg1 Re2
0-1

[Event "V MTSz Klubu Polonia Wroclaw"]
[Site "Wroclaw"]
[Date "2010.06.26"]
[Round "1"]
[White "Macieja, Bartlomiej"]
[Black "Setkauskas, Vaidas"]
[Result "1-0"]
[WhiteElo "2618"]
[BlackElo "2246"]
[PlyCount "51"]
[EventDate "2010.??.??"]

1. e4 c5 2. Nf3 d6 3. d4 cxd4 4. Nxd4 Nf6 5. Nc3 g6 6. Be3 Bg7 7. f3 Nc6 8. Qd2
O-O 9. Bc4 Bd7 10. h4 Rc8 11. Bb3 h5 12. O-O-O Ne5 13. Bg5 Rc5 14. f4 Nc4 15.
Qd3 Qc8 16. Bxf6 Bxf6 17. Nd5 b5 18. Bxc4 bxc4 19. Nxf6+ exf6 20. Qc3 Bg4 21.
Nf3 f5 22. Rxd6 fxe4 23. Ne5 Qc7 24. Rd4 Re8 25. Rxe4 Bf5 26. Nxg6 1-0

[Event "V MTSz Klubu Polonia Wroclaw"]
[Site "Wroclaw"]
[Date "2010.06.26"]
[Round "1"]
[White "Limontaite, Simona"]
[Black "Markus, Robert"]
[Result "0-1"]
[WhiteElo "2230"]
[BlackElo "2615"]
[PlyCount "102"]
[EventDate "2010.??.??"]

1. d4 Nf6 2. c4 d6 3. Nf3 g6 4. Nc3 Bf5 5. g3 Bg7 6. Bg2 Ne4 7. Nxe4 Bxe4 8.
O-O O-O 9. Be3 e5 10. Rc1 Qe7 11. Qd2 Nd7 12. Rfd1 Rfd8 13. Bg5 f6 14. Bh6 Nf8
15. Bxg7 Kxg7 16. Qe3 Bc6 17. h4 h5 18. Rd2 Be8 19. Rcd1 Bf7 20. b3 Re8 21.
dxe5 dxe5 22. Ne1 e4 23. Nc2 Qe5 24. Qd4 Qxd4 25. Rxd4 f5 26. e3 a5 27. Bf1 Kf6
28. R4d2 Ne6 29. Be2 Nc5 30. Nd4 c6 31. a3 Red8 32. Rb2 Rd7 33. Rc1 Ke5 34. Rd2
a4 35. Rb2 axb3 36. Nxb3 Ne6 37. Ra1 Ra4 38. Nd2 Nc5 39. Bd1 Ra8 40. Be2 Kd6
41. Kf1 Kc7 42. Rba2 Rxd2 43. Rxd2 Nb3 44. Rda2 Nxa1 45. Rxa1 Ra4 46. Rc1 Rxa3
47. c5 Ra5 48. Rc3 Ra1+ 49. Kg2 Re1 50. Rc2 Bd5 51. Bf1 Bb3 0-1

[Event "V MTSz Klubu Polonia Wroclaw"]
[Site "Wroclaw"]
[Date "2010.06.26"]
[Round "1"]
[White "Bartel, Mateusz"]
[Black "Laurusas, Tomas"]
[Result "1-0"]
[WhiteElo "2609"]
[BlackElo "2222"]
[PlyCount "65"]
[EventDate "2010.??.??"]

1. c4 Nf6 2. Nc3 d5 3. cxd5 Nxd5 4. Nf3 g6 5. h4 h6 6. e4 Nxc3 7. dxc3 Qxd1+ 8.
Kxd1 Bg4 9. Kc2 Nd7 10. Bc4 e5 11. Nh2 Nf6 12. Nxg4 Nxg4 13. f3 Nf6 14. f4 exf4
15. Bxf4 Nxe4 16. Rhe1 f5 17. h5 g5 18. Bxc7 Rh7 19. Bb5+ Kf7 20. Be5 Bg7 21.
Bc4+ Kf8 22. Rxe4 fxe4 23. Rf1+ Ke8 24. Rf7 Rc8 25. Bb3 Bxe5 26. Rxh7 Bf6 27.
Rxh6 Ke7 28. Rh7+ Kd6 29. Rxb7 Rh8 30. Rxa7 Rxh5 31. Ra6+ Ke5 32. Re6+ Kf5 33.
g4+ 1-0

[Event "V MTSz Klubu Polonia Wroclaw"]
[Site "Wroclaw"]
[Date "2010.06.26"]
[Round "1"]
[White "Sokalsky, Alexander"]
[Black "Simacek, Pavel"]
[Result "0-1"]
[WhiteElo "2217"]
[BlackElo "2518"]
[PlyCount "40"]
[EventDate "2010.??.??"]

1. b3 e5 2. Bb2 Nc6 3. c4 g6 4. e3 Bg7 5. a3 Nf6 6. Qc2 O-O 7. d3 d5 8. cxd5
Nxd5 9. Nd2 Re8 10. Be2 Qh4 11. g3 Qe7 12. b4 a5 13. bxa5 Rxa5 14. Nb3 Rb5 15.
Nf3 Bh3 16. Nfd2 Nd4 17. Qd1 Nxb3 18. Nxb3 Qe6 19. a4 Nxe3 20. fxe3 Rxb3 0-1

[Event "V MTSz Klubu Polonia Wroclaw"]
[Site "Wroclaw"]
[Date "2010.06.26"]
[Round "1"]
[White "Kudzma, Laimonas"]
[Black "Piorun, Kacper"]
[Result "0-1"]
[WhiteElo "2207"]
[BlackElo "2499"]
[PlyCount "102"]
[EventDate "2010.??.??"]

1. c4 g6 2. g3 Bg7 3. Bg2 e5 4. Nc3 Ne7 5. e3 d6 6. Nge2 Nbc6 7. d4 exd4 8.
exd4 Nf5 9. d5 Ne5 10. Ne4 Bd7 11. Qb3 h6 12. h3 Bc8 13. Bd2 O-O 14. O-O Re8
15. Bc3 a5 16. Qc2 Nd7 17. Bxg7 Nxg7 18. Nd4 Nf6 19. Rfe1 Nxe4 20. Rxe4 Rxe4
21. Qxe4 Qf6 22. Rd1 Bd7 23. Qe3 g5 24. Qc3 b6 25. Nb5 Qg6 26. a4 Rc8 27. b3
Qh5 28. g4 Qg6 29. Nd4 h5 30. Qg3 Re8 31. Bf1 Qf6 32. Be2 Re4 33. Qd3 Qe7 34.
Rd2 hxg4 35. hxg4 Bxg4 36. f3 Re3 37. fxg4 Rxd3 38. Rxd3 Qe4 39. Kf2 Qf4+ 40.
Ke1 Qe4 41. Kd1 f6 42. Kd2 f5 43. gxf5 Nxf5 44. Nxf5 Qxf5 45. Rd4 Qb1 46. Bd1
Qb2+ 47. Kd3 Kg7 48. Rg4 Kf6 49. Rd4 Qb1+ 50. Kd2 Ke5 51. Rg4 Kf5 0-1

[Event "V MTSz Klubu Polonia Wroclaw"]
[Site "Wroclaw"]
[Date "2010.06.26"]
[Round "1"]
[White "Zysko, Jan"]
[Black "Krejci, Jan"]
[Result "0-1"]
[WhiteElo "2203"]
[BlackElo "2455"]
[PlyCount "92"]
[EventDate "2010.??.??"]

1. e4 c5 2. Nf3 d6 3. d4 cxd4 4. Nxd4 Nf6 5. Nc3 Nc6 6. Bg5 e6 7. Qd2 a6 8.
O-O-O Bd7 9. f4 h6 10. Bh4 g5 11. fxg5 Ng4 12. Be2 Nge5 13. Nf3 Be7 14. Rhg1 b5
15. Kb1 Ng6 16. Bg3 hxg5 17. Bxd6 g4 18. Ne1 Nce5 19. Qd4 Bxd6 20. Qxd6 Qe7 21.
Qxe7+ Kxe7 22. Nd3 Nxd3 23. Bxd3 Rxh2 24. b4 Bc6 25. Kb2 Nf4 26. Bf1 Kf6 27.
Rd6 Rc8 28. a4 Ke5 29. Rd1 bxa4 30. Bxa6 Rb8 31. b5 Rxg2 32. Rxg2 Nxg2 33. Rg1
Ne3 34. Rg3 Nc4+ 35. Ka2 Bxe4 36. Nxe4 Kxe4 37. Rxg4+ Kd5 38. Rg7 f5 39. Rd7+
Ke5 40. Rc7 Nd6 41. Rc5+ Kd4 42. Rc6 Kd5 43. Rc7 Nxb5 44. c4+ Kd6 45. Rf7 Nc3+
46. Ka3 Rb3# 0-1

[Event "V MTSz Klubu Polonia Wroclaw"]
[Site "Wroclaw"]
[Date "2010.06.26"]
[Round "1"]
[White "Butnorius, Algimantas"]
[Black "Szumilas, Piotr"]
[Result "1-0"]
[WhiteElo "2439"]
[BlackElo "2197"]
[PlyCount "73"]
[EventDate "2010.??.??"]

1. c4 e5 2. Nc3 Nc6 3. Nf3 g6 4. g3 Bg7 5. Bg2 d6 6. d3 Nf6 7. O-O O-O 8. Rb1
h6 9. b4 Be6 10. b5 Ne7 11. a4 Qd7 12. a5 Bh3 13. Qb3 Nh7 14. Ba3 Bxg2 15. Kxg2
b6 16. Ra1 Kh8 17. axb6 axb6 18. Bb2 f5 19. Rxa8 Rxa8 20. Ra1 Rc8 21. Ra7 Nf6
22. Na2 Rf8 23. Nb4 Ne8 24. Na6 Nc8 25. Rb7 Qf7 26. d4 e4 27. Nd2 Qe7 28. d5 f4
29. Bxg7+ Kxg7 30. Qc3+ Kg8 31. Qd4 e3 32. fxe3 fxe3 33. Nf3 Rf7 34. Qg4 Kh7
35. Qxc8 Rxf3 36. Kxf3 Qf6+ 37. Ke4 1-0

[Event "V MTSz Klubu Polonia Wroclaw"]
[Site "Wroclaw"]
[Date "2010.06.26"]
[Round "1"]
[White "Sabuk, Piotr"]
[Black "Sieciechowicz, Marcin"]
[Result "0-1"]
[WhiteElo "2193"]
[BlackElo "2427"]
[PlyCount "92"]
[EventDate "2010.??.??"]

1. e4 e6 2. d4 d5 3. Nd2 c5 4. Ngf3 cxd4 5. exd5 Qxd5 6. Bc4 Qd6 7. O-O Nf6 8.
Nb3 Nc6 9. Nbxd4 Nxd4 10. Qxd4 Qxd4 11. Nxd4 Bd7 12. b3 O-O-O 13. Bb2 Bc5 14.
Nf3 Rhg8 15. Rfe1 Bc6 16. Ng5 Rd2 17. Re2 Rgd8 18. Nxf7 Rxe2 19. Nxd8 Rxc2 20.
Bxf6 gxf6 21. Nxc6 bxc6 22. Bxe6+ Kc7 23. Rf1 Rxa2 24. b4 Re2 25. Bg4 Re4 26.
bxc5 Rxg4 27. Ra1 Kb7 28. g3 Rc4 29. Ra5 Rb4 30. Ra1 Rb5 31. Re1 a5 32. Re7+
Ka6 33. Rxh7 a4 34. Rh8 Ra5 35. Rb8 a3 36. Rb1 a2 37. Ra1 Kb5 38. h4 Kxc5 39.
g4 Kb4 40. f4 Kb3 41. Kf2 c5 42. g5 fxg5 43. fxg5 Kb2 44. Rxa2+ Rxa2 45. g6 Ra8
46. h5 Rg8 0-1

[Event "V MTSz Klubu Polonia Wroclaw"]
[Site "Wroclaw"]
[Date "2010.06.26"]
[Round "1"]
[White "Leniart, Arkadiusz"]
[Black "Warakomska, Anna"]
[Result "1/2-1/2"]
[WhiteElo "2423"]
[BlackElo "2192"]
[PlyCount "200"]
[EventDate "2010.??.??"]

1. e4 e5 2. Nf3 Nc6 3. Bc4 Bc5 4. c3 Nf6 5. d4 exd4 6. e5 d5 7. Bb5 Ne4 8. cxd4
Bb6 9. Nc3 Bg4 10. Be3 Nxc3 11. bxc3 O-O 12. Qc2 f5 13. Bd3 Bxf3 14. gxf3 Qd7
15. f4 Kh8 16. Rg1 Rac8 17. a4 Ba5 18. Kf1 Ne7 19. Qb3 c6 20. Rb1 Bb6 21. a5
Bxa5 22. Qxb7 Rc7 23. Qa6 Bb6 24. Ke2 Ng6 25. Rg5 Rf7 26. h4 Nf8 27. c4 dxc4
28. Bxc4 Ne6 29. Bxe6 Qxe6 30. Rgg1 Rf8 31. Rgc1 Rd8 32. d5 Qxd5 33. Rd1 Qg8
34. Bxb6 axb6 35. Rxd8 Qxd8 36. Qxb6 h6 37. Rd1 Qc8 38. Rd6 Kh7 39. h5 c5 40.
Kd3 Rb7 41. Rd8 Rxb6 42. Rxc8 Rb4 43. Ke3 Re4+ 44. Kf3 c4 45. Kg3 Rd4 46. f3
Rd7 47. Rxc4 Kg8 48. Kf2 Kf7 49. Ke3 Ke7 50. Rc6 Ra7 51. Kd4 Ra4+ 52. Rc4 Ra7
53. Kd5 Rd7+ 54. Kc5 Rd3 55. Ra4 Rxf3 56. Ra7+ Ke6 57. Ra6+ Ke7 58. Rg6 Rxf4
59. Kd5 Kf8 60. Ra6 Rb4 61. Ke6 Rb8 62. Kxf5 Rb7 63. Ke6 Re7+ 64. Kd6 Kf7 65.
Ra1 Re6+ 66. Kd5 Re7 67. Rf1+ Ke8 68. Rf4 Ra7 69. Ke6 Re7+ 70. Kf5 Rf7+ 71. Kg4
Re7 72. Re4 Kf7 73. Kf5 Ra7 74. Rb4 Ke7 75. Rb6 Ra1 76. Rb7+ Kf8 77. Rd7 Ra5
78. Ke6 Ra6+ 79. Rd6 Ra8 80. Rb6 Re8+ 81. Kd5 Ra8 82. Rc6 Ra5+ 83. Kd6 Ra8 84.
Rc7 Ra6+ 85. Kd5 Ra5+ 86. Ke4 Ra1 87. Kf5 Ra5 88. Rd7 Rb5 89. Ke6 Rb6+ 90. Rd6
Rb8 91. Ra6 Re8+ 92. Kd6 Rd8+ 93. Ke6 Re8+ 94. Kf5 Re7 95. e6 Rb7 96. Kg6 Rb1
97. Ra8+ Ke7 98. Kxg7 Kxe6 99. Rf8 Rg1+ 100. Kxh6 Ke7 1/2-1/2

[Event "V MTSz Klubu Polonia Wroclaw"]
[Site "Wroclaw"]
[Date "2010.06.26"]
[Round "1"]
[White "Sakalauskas, Vaidas"]
[Black "Lach, Aleksandra"]
[Result "1-0"]
[WhiteElo "2412"]
[BlackElo "2179"]
[PlyCount "155"]
[EventDate "2010.??.??"]

1. d4 Nf6 2. c4 g6 3. Nc3 Bg7 4. e4 d6 5. Be2 O-O 6. Nf3 e5 7. d5 Nbd7 8. Bg5
a5 9. Nd2 h6 10. Bh4 Nc5 11. O-O g5 12. Bg3 Nh7 13. f3 f5 14. exf5 Bxf5 15.
Nde4 b6 16. Nxc5 bxc5 17. Bd3 Qd7 18. Ne4 Nf6 19. Nxf6+ Rxf6 20. Re1 Rb8 21. b3
Bxd3 22. Qxd3 Rf5 23. Rab1 Qf7 24. Re4 Qd7 25. Be1 Ra8 26. Bd2 Rff8 27. Rg4 Qf5
28. Qxf5 Rxf5 29. Kf2 Kf7 30. Ke2 Bf6 31. Kd3 h5 32. Re4 Kg6 33. h3 Bg7 34. Rg1
Rff8 35. Kc2 Bh6 36. Rh1 a4 37. b4 cxb4 38. Bxb4 a3 39. Rb1 Ra4 40. Rb3 Rb8 41.
Bd2 Rc8 42. Kd3 Bf8 43. c5 Rxe4 44. Kxe4 dxc5 45. Rxa3 Bd6 46. Ra6 Rb8 47. Ba5
Kf7 48. Rc6 Rb7 49. Kf5 Ra7 50. Bc3 g4 51. Bxe5 gxh3 52. gxh3 Ke7 53. f4 Kd7
54. Bxd6 cxd6 55. Rb6 Kc7 56. Rb2 Ra3 57. h4 Rd3 58. Kg6 Rxd5 59. f5 Rd3 60. f6
Rg3+ 61. Kxh5 Kd7 62. Re2 c4 63. f7 Rf3 64. Kg6 Rg3+ 65. Kh7 Rf3 66. Kg7 Rg3+
67. Kf8 c3 68. h5 Rh3 69. h6 d5 70. Rf2 d4 71. Kg7 Rg3+ 72. Kf6 c2 73. Rxc2
Rf3+ 74. Kg7 Rg3+ 75. Kf8 d3 76. Rf2 Kc7 77. h7 Rh3 78. Kg7 1-0

[Event "V MTSz Klubu Polonia Wroclaw"]
[Site "Wroclaw"]
[Date "2010.06.26"]
[Round "1"]
[White "Luch, Michal"]
[Black "Leks, Hanna"]
[Result "0-1"]
[WhiteElo "2398"]
[BlackElo "2165"]
[PlyCount "83"]
[EventDate "2010.??.??"]

1. d4 Nf6 2. c4 d6 3. Nf3 Nbd7 4. Nc3 e5 5. e4 g6 6. g3 Bg7 7. Bg2 O-O 8. O-O
Re8 9. h3 a6 10. Re1 Rb8 11. d5 b5 12. cxb5 axb5 13. b4 Nb6 14. Bf1 Bd7 15. Kh2
h6 16. Rb1 Rf8 17. Bd3 Qc8 18. Ng1 Qb7 19. Qe2 Nc8 20. a4 bxa4 21. Ba6 Qa8 22.
b5 Nb6 23. Rb4 Nh7 24. Nxa4 f5 25. f3 f4 26. g4 h5 27. Qf2 hxg4 28. hxg4 Nf6
29. Kg2 Kf7 30. Nxb6 cxb6 31. Nh3 Rh8 32. Rc4 Rh6 33. Ng5+ Ke7 34. Ba3 Rbh8 35.
Bxd6+ Ke8 36. Qxb6 Rh2+ 37. Kf1 Rh1+ 38. Ke2 R8h2+ 39. Kd1 Nxd5 40. Rxh1 Rxh1+
41. Ke2 Nxb6 42. Rc7 0-1

[Event "V MTSz Klubu Polonia Wroclaw"]
[Site "Wroclaw"]
[Date "2010.06.26"]
[Round "1"]
[White "Strzemiecki, Zbigniew"]
[Black "Goluch, Piotr"]
[Result "1-0"]
[WhiteElo "2381"]
[BlackElo "2139"]
[PlyCount "47"]
[EventDate "2010.??.??"]

1. e4 c6 2. d4 d5 3. e5 c5 4. dxc5 Nc6 5. Bb5 e6 6. Be3 Bd7 7. Bxc6 Bxc6 8. Nf3
Ne7 9. c3 Nf5 10. Bd4 a5 11. a4 Nxd4 12. Qxd4 Qe7 13. b4 axb4 14. cxb4 b6 15.
cxb6 Qxb4+ 16. Nbd2 Qa5 17. Rc1 Kd7 18. Qf4 Qxb6 19. Qxf7+ Be7 20. O-O Rhf8 21.
Qxg7 Rxa4 22. Qxh7 Ra2 23. Rc2 Rh8 24. Rxc6 1-0

[Event "V MTSz Klubu Polonia Wroclaw"]
[Site "Wroclaw"]
[Date "2010.06.26"]
[Round "1"]
[White "Krawczyk, Andrzej"]
[Black "Krzyzanowski, Marcin"]
[Result "0-1"]
[WhiteElo "2137"]
[BlackElo "2377"]
[PlyCount "151"]
[EventDate "2010.??.??"]

1. e4 c5 2. Nc3 a6 3. a4 g6 4. g3 Bg7 5. Bg2 e6 6. d3 Ne7 7. Be3 d6 8. Nge2 O-O
9. O-O Nbc6 10. Qd2 Rb8 11. Bh6 b5 12. Bxg7 Kxg7 13. axb5 axb5 14. Rae1 b4 15.
Nd1 Nd4 16. c3 Nxe2+ 17. Rxe2 Ba6 18. Ne3 Qa5 19. f4 bxc3 20. bxc3 f6 21. e5
dxe5 22. fxe5 f5 23. Qa2 Qxa2 24. Rxa2 Bxd3 25. Rd1 c4 26. Ra6 Kf7 27. Bf1 Bxf1
28. Kxf1 Rb3 29. Rd7 Rxc3 30. Raa7 Re8 31. Ke2 g5 32. Rdc7 f4 33. gxf4 gxf4 34.
Nxc4 f3+ 35. Kf2 Kf8 36. Nd6 Rxc7 37. Rxc7 Ra8 38. Kxf3 Ra5 39. Nc8 Ng6 40.
Rxh7 Nxe5+ 41. Kg3 Nf7 42. Nb6 Ra3+ 43. Kg2 Ra2+ 44. Kg3 Kg8 45. Rh5 Kg7 46.
Nc4 Ra4 47. Rc5 Kf6 48. Rc6 Nh6 49. Ne3 Ke5 50. Kf3 Ra3 51. Rc4 Nf5 52. Re4+
Kf6 53. Kf4 Nd6 54. Ng4+ Ke7 55. Re3 Ra4+ 56. Kf3 Nf5 57. Rd3 Nh4+ 58. Kg3 Nf5+
59. Kf3 Nh4+ 60. Kg3 Ng6 61. Rb3 e5 62. Rb7+ Ke6 63. Rb6+ Kf5 64. Nh6+ Kg5 65.
Nf7+ Kh5 66. Rb5 Rg4+ 67. Kf3 Rf4+ 68. Ke3 Rxf7 69. Rb6 Kg5 70. Rb8 Ra7 71. Rb3
Kf5 72. Rc3 Nf4 73. Rb3 Rh7 74. Rb8 Rh3+ 75. Kf2 Rxh2+ 76. Ke3 0-1

[Event "V MTSz Klubu Polonia Wroclaw"]
[Site "Wroclaw"]
[Date "2010.06.26"]
[Round "1"]
[White "Feuerstack, Aljoscha"]
[Black "Otto, Andreas"]
[Result "1/2-1/2"]
[WhiteElo "2371"]
[BlackElo "2131"]
[PlyCount "68"]
[EventDate "2010.??.??"]

1. e4 c5 2. Nf3 Nc6 3. c3 Nf6 4. e5 Nd5 5. Bc4 Nb6 6. Bb3 d6 7. exd6 Qxd6 8. d4
cxd4 9. cxd4 Be6 10. Nc3 Bxb3 11. Qxb3 e6 12. O-O Be7 13. Rd1 O-O 14. d5 exd5
15. Be3 Qb4 16. Qxb4 Bxb4 17. Bxb6 axb6 18. Nxd5 Bc5 19. a3 Rfd8 20. Kf1 Nd4
21. Nxd4 Rxd5 22. Nf3 Rad8 23. Rxd5 Rxd5 24. Ke2 Kf8 25. Rc1 Rd8 26. Rc4 Re8+
27. Kf1 Rd8 28. Rc2 Re8 29. Rd2 Ke7 30. Ke2 f6 31. b4 Bd6 32. Kd3 Rc8 33. Re2+
Kd7 34. Nd2 Rc1 1/2-1/2

[Event "V MTSz Klubu Polonia Wroclaw"]
[Site "Wroclaw"]
[Date "2010.06.26"]
[Round "1"]
[White "Belenkaya, Dina"]
[Black "Aliavdin, Nikolai"]
[Result "0-1"]
[WhiteElo "2125"]
[BlackElo "2367"]
[PlyCount "120"]
[EventDate "2010.??.??"]

1. e4 c5 2. Nf3 e6 3. d4 cxd4 4. Nxd4 Nc6 5. c4 Nf6 6. Nxc6 bxc6 7. Bd3 e5 8.
O-O Bc5 9. Nd2 d6 10. Nb3 Bb6 11. Bg5 h6 12. Bxf6 Qxf6 13. c5 dxc5 14. Bc4 O-O
15. Qc2 a5 16. a4 Rb8 17. Qc3 Qe7 18. Rfc1 Rd8 19. Rc2 Ra8 20. h3 Rd6 21. Kh2
Rg6 22. Rd1 Qg5 23. Qf3 Rf6 24. Qg3 Rb8 25. Rcd2 Be6 26. Qxg5 hxg5 27. Rc1 Bc8
28. Kg3 Kf8 29. f3 Ke7 30. Rcc2 g6 31. Rc3 Rf4 32. Re2 Rh4 33. Rc1 Rh8 34. Rcc2
Rd8 35. Rc1 Rd6 36. Kh2 f6 37. Kg3 Rd8 38. Kh2 Kf8 39. Kg1 Ke7 40. Kh2 Rh8 41.
Kh1 g4 42. fxg4 Bxg4 43. Ree1 Bc8 44. Be2 Bxh3 45. Nxc5 Bf5+ 46. Kg1 Bxe4 47.
Bf3 Bxf3 48. gxf3 Rh4 49. b3 Bxc5+ 50. Rxc5 Rxb3 51. Rxa5 Rxf3 52. Ra1 Rfh3 53.
Ra7+ Ke6 54. Rf1 Rh1+ 55. Kg2 R4h2+ 56. Kg3 Rxf1 57. Kxh2 Ra1 58. a5 Kf5 59. a6
c5 60. Kg3 c4 0-1

[Event "V MTSz Klubu Polonia Wroclaw"]
[Site "Wroclaw"]
[Date "2010.06.26"]
[Round "1"]
[White "Schneider, Veronika"]
[Black "Malec, Sebastian"]
[Result "1/2-1/2"]
[WhiteElo "2339"]
[BlackElo "2114"]
[PlyCount "102"]
[EventDate "2010.??.??"]

1. e4 c5 2. Nf3 d6 3. d4 cxd4 4. Qxd4 a6 5. Bc4 Nc6 6. Qd3 Nf6 7. Bg5 h6 8.
Bxf6 gxf6 9. Nc3 Bg4 10. Bb3 Qa5 11. Nd2 Bg7 12. Qg3 f5 13. h3 Bxc3 14. Qxc3
Qxc3 15. bxc3 Bh5 16. exf5 f6 17. Rb1 Na5 18. Bd5 Bf7 19. Bxf7+ Kxf7 20. Nb3
Nc4 21. Nd4 b5 22. Ke2 Rhc8 23. Rhd1 Nb6 24. Rd3 Na4 25. Kd2 Rc4 26. Re1 Rac8
27. Rde3 R4c7 28. Rg3 Rxc3 29. Ree3 R3c4 30. Rg4 Rg8 31. Rge4 Re8 32. Nb3 Nb6
33. Na5 Rc5 34. Rc3 Rxf5 35. Rc6 Na4 36. Re2 Rd5+ 37. Kc1 Rc5 38. Rxa6 Nc3 39.
Re3 Nxa2+ 40. Kd1 Nb4 41. Ra7 Nxc2 42. Rd3 Ke6 43. Nb3 Rc4 44. Rd2 Nb4 45. Rb7
Nd5 46. Nd4+ Kf7 47. Nxb5 Nc3+ 48. Nxc3 Rxc3 49. Rxd6 Rec8 50. Rdd7 Rc1+ 51.
Ke2 R1c2+ 1/2-1/2

[Event "V MTSz Klubu Polonia Wroclaw"]
[Site "Wroclaw"]
[Date "2010.06.26"]
[Round "1"]
[White "Iwanow, Anna"]
[Black "Kuchynka, Lukas"]
[Result "0-1"]
[WhiteElo "2097"]
[BlackElo "2334"]
[PlyCount "70"]
[EventDate "2010.??.??"]

1. e4 b6 2. d4 Bb7 3. Nc3 e6 4. Bd3 Nf6 5. Nge2 c5 6. O-O Qc8 7. e5 Ng4 8. Nf4
cxd4 9. Qxg4 dxc3 10. Nh5 Nc6 11. Nxg7+ Kd8 12. bxc3 Kc7 13. Bf4 Be7 14. Rfe1
Qg8 15. Bh6 Rd8 16. Re2 Kc8 17. Rae1 f6 18. f4 f5 19. Qh3 Bf8 20. Qg3 Qf7 21.
Bg5 Bxg7 22. Bxd8 Rxd8 23. Qe3 Bf8 24. Kh1 Bc5 25. Qh3 Rg8 26. Rd2 Rg4 27. Qh6
Bf8 28. Qh3 Rxf4 29. Qe3 Bh6 30. Qe2 Rg4 31. Rdd1 Qg7 32. Ba6 Bf4 33. Bxb7+
Kxb7 34. g3 Bxe5 35. Qd3 Kc7 0-1

[Event "V MTSz Klubu Polonia Wroclaw"]
[Site "Wroclaw"]
[Date "2010.06.26"]
[Round "1"]
[White "Daulyte, Deimante"]
[Black "Lewicki, Miroslaw"]
[Result "0-1"]
[WhiteElo "2334"]
[BlackElo "2094"]
[PlyCount "56"]
[EventDate "2010.??.??"]

1. e4 c5 2. Nf3 d6 3. d4 cxd4 4. Nxd4 Nf6 5. Nc3 a6 6. Bg5 e6 7. f4 Be7 8. Qe2
h6 9. Bxf6 Bxf6 10. O-O-O Qc7 11. g4 Nc6 12. Nxc6 bxc6 13. Qd2 d5 14. e5 Be7
15. Ne2 Rb8 16. Nd4 c5 17. Nf3 c4 18. Nd4 Qb6 19. b3 Bd7 20. h4 cxb3 21. cxb3
a5 22. Nc2 a4 23. Rh3 O-O 24. g5 axb3 25. Rxb3 Qa7 26. gxh6 Qxa2 27. hxg7 Ba3+
28. Nxa3 Rfc8+ 0-1

[Event "V MTSz Klubu Polonia Wroclaw"]
[Site "Wroclaw"]
[Date "2010.06.26"]
[Round "1"]
[White "Poznanska, Katarzyna"]
[Black "Bures, Jaroslav"]
[Result "0-1"]
[WhiteElo "2068"]
[BlackElo "2327"]
[PlyCount "96"]
[EventDate "2010.??.??"]

1. e4 c5 2. Nf3 e6 3. d4 cxd4 4. Nxd4 a6 5. Nc3 Qc7 6. Be3 Bb4 7. Qd3 Nf6 8.
Bd2 O-O 9. O-O-O d5 10. exd5 exd5 11. f3 Nc6 12. Nxc6 bxc6 13. Bg5 Qe5 14. f4
Qd6 15. Qg3 h6 16. Bxf6 Qxf6 17. Bd3 Bxc3 18. bxc3 Kh8 19. Kd2 d4 20. c4 Qd6
21. Rhe1 Be6 22. c5 Qd7 23. Re5 Bxa2 24. Rde1 Rae8 25. R1e4 Qd8 26. Qe1 Rxe5
27. Rxe5 Bd5 28. g4 Qa5+ 29. Ke2 Qxe1+ 30. Kxe1 a5 31. Kd2 Kg8 32. Be4 Bxe4 33.
Rxe4 f5 34. Rxd4 fxg4 35. Rd6 Rf6 36. Rd4 Rf5 37. Rc4 Kf7 38. Ke3 Kf6 39. Ke4
Rd5 40. Rc3 h5 41. h3 gxh3 42. Rxh3 Rxc5 43. Ra3 Rc4+ 44. Kd3 Rxf4 45. Rxa5 Rf5
46. Ra6 Rd5+ 47. Ke4 Rd6 48. Ra5 g5 0-1

[Event "V MTSz Klubu Polonia Wroclaw"]
[Site "Wroclaw"]
[Date "2010.06.26"]
[Round "1"]
[White "Paikidze, Nazi"]
[Black "Hetzer, Volkhard"]
[Result "1-0"]
[WhiteElo "2317"]
[BlackElo "2063"]
[PlyCount "61"]
[EventDate "2010.??.??"]

1. d4 d5 2. Nf3 Nf6 3. c4 e6 4. Nc3 c5 5. cxd5 exd5 6. g3 Nc6 7. Bg2 Be7 8. O-O
O-O 9. Bg5 Be6 10. Rc1 c4 11. Ne5 Qa5 12. Nxc6 bxc6 13. e4 Bb4 14. Bxf6 gxf6
15. Qh5 dxe4 16. Nxe4 Qxh5 17. Nxf6+ Kh8 18. Nxh5 Bd2 19. Rc2 Bh6 20. Bxc6 Rad8
21. d5 Bxd5 22. Bxd5 Rxd5 23. Nf6 Rd4 24. Re1 Kg7 25. Ne8+ Kg6 26. Nc7 Rb8 27.
Re5 Bg7 28. Rb5 Rbd8 29. Rc5 h5 30. Nb5 R8d5 31. Rc6+ 1-0

[Event "V MTSz Klubu Polonia Wroclaw"]
[Site "Wroclaw"]
[Date "2010.06.26"]
[Round "1"]
[White "Czyz, Artur"]
[Black "Szablowski, Pawel"]
[Result "1-0"]
[WhiteElo "2061"]
[BlackElo "2312"]
[PlyCount "83"]
[EventDate "2010.??.??"]

1. e4 e6 2. d3 d5 3. Nd2 c5 4. Ngf3 Nc6 5. g3 g6 6. Bg2 Bg7 7. O-O Nge7 8. Re1
O-O 9. e5 Qc7 10. Qe2 b6 11. Nf1 Ba6 12. c3 b5 13. Bf4 Rfd8 14. d4 cxd4 15.
cxd4 Qb6 16. Qd2 Nf5 17. Red1 b4 18. b3 Rdc8 19. g4 Nfe7 20. Bg5 Kh8 21. Ng3
Ng8 22. Qf4 Qc7 23. Rac1 h6 24. Rxc6 Qxc6 25. Bf6 Qc2 26. Re1 g5 27. Bxg5 hxg5
28. Nxg5 Nh6 29. Nh5 Qg6 30. h4 Bd3 31. Qg3 Bb1 32. Be4 Rc3 33. f3 Nf5 34. Qh2
Bh6 35. Bxb1 Kg8 36. Nf6+ Kg7 37. gxf5 exf5 38. Qf4 Bxg5 39. hxg5 Kf8 40. Bxf5
Qg7 41. e6 fxe6 42. Qd6+ 1-0